عرض عادي
عرض مارك
- Operator theory.
مدخل مصطلح موضوعي
001 - رقم الضبط
- حقل الضبط: 4383
003 - معرف رقم الضبط
- حقل الضبط: OSt
005 - تاريخ ووقت أخر عملية
- حقل الضبط: 20110913203110.0
008 - عناصر بيانات ثابتة الطول
- حقل تحكم ثابت الطول: 110913|||a|||||| | ||| d
040 ## - مصدر الفهرسة
- هيئة الفهرسة الأصلية: OSt
- وكالة الكتابة: OSt
150 ## - مدخل-- مصطلح تاريخي
- عنصر مدخل المصطلح الموضوعي او الاسم الجغرافي: Operator theory.
670 ## - بيانات المصدر موجوده
- الاستشهاد بالمصدر: Work cat.: (OSt)981: Ahués, Mario. 4380, Spectral computations for bounded operators /, c2001.
